How'd Ya Die: Game of Thrones III Quiz Stats

 Plays Quiz Updated Mar 17, 2018

Score 0/15 Timer 06:00
23 Plays Today
Death Character % Correct
Stabbed through the heart in the Red WeddingRobb Stark
96.4%
Fatally wounded in Tyrion's trial by combat but later revivedGregor Clegane
91.8%
Thrown out the Moon Door in the Vale by LittlefingerLysa Arryn
91.4%
Died giving birth at the Tower of JoyLyanna Stark
90%
Dies of old age while he is at Castle BlackAemon Targaryen
85.1%
Poisoned by Ellaria in DorneMyrcella Baratheon
82.3%
Died protecting his home Riverrun from the LannistersBrynden Tully
80.3%
Loses a battle against Meryn Trant using a wooden swordSyrio Forel
76.9%
Death Character % Correct
The main target of Cersei's attack at the SeptHigh Sparrow
75.7%
Killed by the Sons of the Harpy while protecting Grey WormBarristan Selmy
74.8%
Killed by Rast in a mutiny north of the wallJeor Mormont
73.7%
Throat slit by his sister to spare him from the wight's knife attackJojen Reed
71%
Stabbed to death by Qyburn's 'little birds'Grand Maester Pycelle
68.9%
Hanged for leading the mutiny against Jon SnowAlliser Thorne
67.7%
Hanged herself upon the death of her daughterSelyse Baratheon
65.5%

You're not logged in!

Compare scores with friends on all Sporcle quizzes.
OR
Log In

You Might Also Like...

Show Comments

Extras

Top Quizzes Today


Score Distribution

Your Account Isn't Verified!

In order to create a playlist on Sporcle, you need to verify the email address you used during registration. Go to your Sporcle Settings to finish the process.

Report this User

Report this user for behavior that violates our Community Guidelines.

Details: